[Event "CZE-ch Amateurs 2022"]
[Site "Luhacovice"]
[Date "2022.03.16"]
[Round "6.16"]
[White "Mach, Petr"]
[Black "Bures, Vit"]
[Result "0-1"]
[WhiteElo "2023"]
[BlackElo "2121"]
[Annotator "NA"]
[PlyCount "48"]
[EventDate "2022.03.12"]
[EventType "swiss"]
[EventCountry "CZE"]
[SourceTitle "playchess.com"]
[Source "ChessBase"]
[SourceQuality "1"]
[TimeControl "5400+30"]

{[%evp 19,48,-2,0,-8,0,32767,32767,32767,32767,-16,31,0,0,32767,0,-5,0,-141,-134,-161,-145,-166,32767,32767,32767,-158,32767,32767,-110,-155,-119]} 1. Nf3 {[%emt 0:00:11]} d5 {[%emt 0:00:06]} 2. g3 {[%emt 0:00:03]} Nf6 {[%emt 0:00:31]} 3. Bg2 {[%emt 0:00:36]} c6 {[%emt 0:00:57]} 4. O-O {[%emt 0:00:07]} Bg4 {[%emt 0:00:03]} 5. c4 {[%emt 0:00:35]} e6 {[%emt 0:00:20]} 6. Qb3 {[%emt 0:01:15]} Qb6 {[%emt 0:00:15]} 7. Nc3 {[%emt 0:00:34]} Nbd7 {[%emt 0:00:24]} 8. d4 {[%emt 0:00:22]} Be7 {[%emt 0:02:07]} 9. Bf4 {[%emt 0:04:25] has lost popularity (9.c5).} h6 {[%emt 0:04:23]} 10. Rfe1 {[%emt 0:04:20]} O-O {[%emt 0:04:33] [#]} 11. e4 $146 {[%emt 0:06:01]} ({Predecessor:} 11. Qxb6 axb6 12. Nd2 g5 13. Be3 Bf5 14. f3 Kg7 15. Bf2 Bg6 16. e4 dxc4 17. Nxc4 {½-½ (38) Zechner,G (2261)-Teuschler,B (2172) Austria 2019}) 11... dxe4 {[%emt 0:01:28]} 12. Nxe4 {[%emt 0:01:45]} Nxe4 {[%emt 0:00:34]} 13. Rxe4 {[%emt 0:00:06]} Bf5 {[%emt 0:00:46]} 14. Ree1 {[%emt 0:04:52]} Bf6 {[%emt 0:03:33]} (14... Qxb3 $11 {deserves consideration.} 15. axb3 Bb4) 15. Qxb6 {[%emt 0:00:53]} axb6 {[%emt 0:04:38]} 16. a3 {[%emt 0:03:42]} Bd3 {[%emt 0:06:26]} 17. Rac1 {[%emt 0:04:58]} b5 {[%emt 0:04:15]} 18. Ne5 {[%emt 0:03:06]} (18. Bd6 $11 {keeps the balance.}) 18... Bxe5 {[%emt 0:00:58]} 19. dxe5 {[%emt 0:00:35]} Bxc4 {[%emt 0:03:40]} ({Stronger than} 19... bxc4 20. Rcd1 $17) 20. Rcd1 {[%emt 0:01:24]} Nc5 {[%emt 0:03:42]} 21. Bf1 {[%emt 0:05:45]} Bxf1 {[%emt 0:02:44]} 22. Kxf1 {[%emt 0:00:04]} Rfd8 {[%emt 0:00:27]} 23. Ke2 {[%emt 0:00:12]} g5 {[%emt 0:05:16]} (23... Rd5 $142 24. Rxd5 exd5) 24. Bc1 {[%emt 0:04:42]} Kg7 $17 {[%emt 0:02:01]} (24... Rd5 $19 25. f4 Ra4) 0-1

[Event "CZE-ch Amateurs 2022"]
[Site "Luhacovice"]
[Date "2022.03.16"]
[Round "6.17"]
[White "Urban, Zdenek"]
[Black "Bakalar, Jan"]
[Result "1-0"]
[WhiteElo "2093"]
[BlackElo "1820"]
[Annotator "ChessBase"]
[PlyCount "137"]
[EventDate "2022.03.12"]
[EventType "swiss"]
[EventCountry "CZE"]
[SourceTitle "playchess.com"]
[Source "ChessBase"]
[SourceQuality "1"]
[TimeControl "5400+30"]

1. d4 {[%emt 0:00:13]} Nf6 {[%emt 0:01:06]} 2. c4 {[%emt 0:00:06]} d6 {[%emt 0:01:45]} 3. Nc3 {[%emt 0:00:37]} c6 {[%emt 0:01:14]} 4. e4 {[%emt 0:02:04]} a6 {[%emt 0:00:56]} 5. a4 {[%emt 0:00:26]} Qa5 {[%emt 0:00:15]} 6. Bd2 {[%emt 0:01:19]} Qc7 {[%emt 0:00:07]} 7. g3 {[%emt 0:02:09]} e5 {[%emt 0:00:52]} 8. d5 {[%emt 0:00:48]} a5 {[%emt 0:00:54]} 9. Bg2 {[%emt 0:02:43]} Na6 {[%emt 0:00:18]} 10. h3 {[%emt 0:01:29]} Nc5 {[%emt 0:01:13]} 11. Be3 {[%emt 0:00:54]} Nfd7 {[%emt 0:04:27]} 12. Nge2 {[%emt 0:00:54]} Na6 {[%emt 0:00:34]} 13. O-O {[%emt 0:01:15]} Nb4 {[%emt 0:00:26]} 14. f4 {[%emt 0:05:51]} Be7 {[%emt 0:03:30]} 15. Nc1 {[%emt 0:00:35]} Bf6 {[%emt 0:04:45]} 16. Qd2 {[%emt 0:18:14]} O-O {[%emt 0:01:52]} 17. Rd1 {[%emt 0:04:56]} c5 {[%emt 0:01:39]} 18. Nb5 {[%emt 0:03:36]} Qb8 {[%emt 0:00:05]} 19. f5 {[%emt 0:01:11]} Nb6 {[%emt 0:03:36]} 20. b3 {[%emt 0:00:12]} Bd7 {[%emt 0:00:58]} 21. Nc3 {[%emt 0:01:25]} Qd8 {[%emt 0:01:08]} 22. Rf1 {[%emt 0:01:14]} h6 {[%emt 0:00:23]} 23. h4 {[%emt 0:01:24]} Nc8 {[%emt 0:01:38]} 24. N1a2 {[%emt 0:01:07]} Nxa2 {[%emt 0:02:18]} 25. Rxa2 {[%emt 0:00:32]} Kh7 {[%emt 0:00:24]} 26. Qc1 {[%emt 0:00:23]} b6 {[%emt 0:03:59]} 27. Raf2 {[%emt 0:05:11]} Ne7 {[%emt 0:01:02]} 28. Bh3 {[%emt 0:03:05]} Ng8 {[%emt 0:00:41]} 29. Kh2 {[%emt 0:00:16]} Be8 {[%emt 0:03:12]} 30. Ne2 {[%emt 0:00:11]} Ra7 {[%emt 0:02:07]} 31. Ng1 {[%emt 0:00:11]} Be7 {[%emt 0:09:19]} 32. Nf3 {[%emt 0:09:27]} Nf6 {[%emt 0:01:46]} 33. Qc2 {[%emt 0:00:25]} Rh8 {[%emt 0:01:14]} 34. Kg1 {[%emt 0:02:04]} Kg8 {[%emt 0:00:11]} 35. Rg2 {[%emt 0:00:43]} Nh7 {[%emt 0:01:18]} 36. Qf2 {[%emt 0:01:15]} Nf6 {[%emt 0:00:50]} 37. Nd2 {[%emt 0:00:40]} Nh7 {[%emt 0:00:06]} 38. Qf3 {[%emt 0:01:19]} Rc7 {[%emt 0:01:08]} 39. Kf2 {[%emt 0:01:01]} Ra7 {[%emt 0:00:35]} 40. Ke2 {[%emt 0:00:48]} Kf8 {[%emt 0:00:39]} 41. Qf2 {[%emt 0:00:23]} Nf6 {[%emt 0:09:26]} 42. g4 {[%emt 0:01:06]} Ng8 {[%emt 0:00:11]} 43. Nf3 {[%emt 0:00:44]} f6 {[%emt 0:00:15]} 44. Qg3 {[%emt 0:02:47]} Rh7 {[%emt 0:02:39]} 45. g5 {[%emt 0:01:26]} hxg5 {[%emt 0:01:13]} 46. hxg5 {[%emt 0:00:14]} Bh5 {[%emt 0:00:53]} 47. Bg4 {[%emt 0:00:40]} fxg5 {[%emt 0:04:25]} 48. Bxh5 {[%emt 0:03:21]} Rxh5 {[%emt 0:00:11]} 49. Rh2 {[%emt 0:02:36]} Rxh2+ {[%emt 0:04:31]} 50. Nxh2 {[%emt 0:00:29]} Qe8 {[%emt 0:00:42]} 51. Bxg5 {[%emt 0:00:40]} Qh5+ {[%emt 0:00:25]} 52. Nf3 {[%emt 0:00:07]} Nf6 {[%emt 0:01:59]} 53. Kd3 {[%emt 0:00:31]} Ra8 {[%emt 0:01:26]} 54. Rg1 {[%emt 0:03:14]} Kf7 {[%emt 0:01:17]} 55. Be3 {[%emt 0:00:55]} Ne8 {[%emt 0:02:34]} 56. Qg6+ {[%emt 0:00:28]} Qxg6 {[%emt 0:00:08]} 57. fxg6+ {[%emt 0:02:11]} Kg8 {[%emt 0:00:29]} 58. Bg5 {[%emt 0:00:08]} Nf6 {[%emt 0:00:40]} 59. Nh4 {[%emt 0:00:25]} Bf8 {[%emt 0:03:18]} 60. Bxf6 {[%emt 0:04:08]} gxf6 {[%emt 0:00:02]} 61. Nf5 {[%emt 0:00:18]} Ra7 {[%emt 0:01:28]} 62. Ke2 {[%emt 0:00:29]} Rd7 {[%emt 0:00:29]} 63. Kf3 {[%emt 0:00:05]} Bg7 {[%emt 0:00:51]} 64. Kg4 {[%emt 0:00:46]} Kf8 {[%emt 0:00:34]} 65. Rh1 {[%emt 0:00:04]} Kg8 {[%emt 0:00:42]} 66. Rh7 {[%emt 0:00:15]} Kf8 {[%emt 0:01:01]} 67. Nxg7 {[%emt 0:00:22]} Rxg7 {[%emt 0:00:08]} 68. Rxg7 {[%emt 0:00:15]} Kxg7 {[%emt 0:00:18]} 69. Kf5 {[%emt 0:00:07]} 1-0

[Event "CZE-ch Amateurs 2022"]
[Site "Luhacovice"]
[Date "2022.03.16"]
[Round "6.18"]
[White "Matejovsky, Ondrej"]
[Black "Navratilik, Pavel"]
[Result "0-1"]
[WhiteElo "1939"]
[BlackElo "2082"]
[Annotator "ChessBase"]
[PlyCount "80"]
[EventDate "2022.03.12"]
[EventType "swiss"]
[EventCountry "CZE"]
[SourceTitle "playchess.com"]
[Source "ChessBase"]
[SourceQuality "1"]
[TimeControl "5400+30"]

1. e4 {[%emt 0:00:11]} c5 {[%emt 0:00:07]} 2. Nf3 {[%emt 0:00:09]} d6 {[%emt 0:00:08]} 3. Bb5+ {[%emt 0:00:21]} Bd7 {[%emt 0:00:49]} 4. Bxd7+ {[%emt 0:00:05]} Nxd7 {[%emt 0:00:28]} 5. O-O {[%emt 0:00:41]} g6 {[%emt 0:01:18]} 6. c3 {[%emt 0:06:11]} Bg7 {[%emt 0:01:32]} 7. d4 {[%emt 0:00:54]} e6 {[%emt 0:08:07]} 8. Bf4 {[%emt 0:07:17]} e5 {[%emt 0:09:28]} 9. dxe5 {[%emt 0:02:06]} dxe5 {[%emt 0:00:27]} 10. Bg5 {[%emt 0:02:55]} Qc7 {[%emt 0:02:06]} 11. Na3 {[%emt 0:02:54]} f6 {[%emt 0:02:15]} 12. Nb5 {[%emt 0:02:29]} Qc6 {[%emt 0:01:04]} 13. Qd3 {[%emt 0:23:21]} fxg5 {[%emt 0:12:52]} 14. Nxg5 {[%emt 0:04:01]} h6 {[%emt 0:35:37]} 15. Ne6 {[%emt 0:04:38]} Kf7 {[%emt 0:05:16]} 16. Nec7 {[%emt 0:05:09]} c4 {[%emt 0:03:17]} 17. Qf3+ {[%emt 0:03:19]} Ngf6 {[%emt 0:00:20]} 18. Nxa8 {[%emt 0:01:20]} Rxa8 {[%emt 0:01:07]} 19. a4 {[%emt 0:01:59]} a6 {[%emt 0:02:13]} 20. Rfd1 {[%emt 0:01:17]} Bf8 {[%emt 0:00:15]} 21. Qe2 {[%emt 0:06:57]} Re8 {[%emt 0:03:51]} 22. Na3 {[%emt 0:01:13]} Bxa3 {[%emt 0:00:30]} 23. Rxa3 {[%emt 0:01:15]} Nxe4 {[%emt 0:01:07]} 24. Raa1 {[%emt 0:02:32]} Ndf6 {[%emt 0:00:57]} 25. Qe3 {[%emt 0:06:02]} Kg7 {[%emt 0:01:24]} 26. h3 {[%emt 0:01:51]} Nc5 {[%emt 0:00:46]} 27. a5 {[%emt 0:02:35]} Nd3 {[%emt 0:00:43]} 28. f3 {[%emt 0:02:10]} Nd5 {[%emt 0:01:20]} 29. Qe4 {[%emt 0:02:24]} Qc5+ {[%emt 0:00:30]} 30. Kh2 {[%emt 0:00:12]} Re7 {[%emt 0:01:24]} 31. Ra4 {[%emt 0:02:46]} Ne3 {[%emt 0:00:53]} 32. b4 {[%emt 0:01:54]} Qb5 {[%emt 0:01:25]} 33. Rda1 {[%emt 0:01:26]} Nf1+ {[%emt 0:00:59]} 34. Kg1 {[%emt 0:01:15]} Ng3 {[%emt 0:01:00]} 35. Qh4 {[%emt 0:00:44]} Nf5 {[%emt 0:00:23]} 36. Qe4 {[%emt 0:00:45]} Nd6 {[%emt 0:00:45]} 37. Qe3 {[%emt 0:00:24]} e4 {[%emt 0:00:15]} 38. R4a2 {[%emt 0:01:00]} Nf5 {[%emt 0:00:40]} 39. Qb6 {[%emt 0:00:46]} Qe5 {[%emt 0:00:27]} 40. Rc2 {[%emt 0:00:27]} exf3 {[%emt 0:00:23]} 0-1

[Event "CZE-ch Amateurs 2022"]
[Site "Luhacovice"]
[Date "2022.03.16"]
[Round "6.19"]
[White "Malinovsky, Petr"]
[Black "Kapusta, Petr"]
[Result "1-0"]
[WhiteElo "1965"]
[BlackElo "2105"]
[Annotator "ChessBase"]
[PlyCount "97"]
[EventDate "2022.03.12"]
[EventType "swiss"]
[EventCountry "CZE"]
[SourceTitle "playchess.com"]
[Source "ChessBase"]
[SourceQuality "1"]
[TimeControl "5400+30"]

1. d4 {[%emt 0:00:13]} Nf6 {[%emt 0:03:51]} 2. c4 {[%emt 0:00:09]} g6 {[%emt 0:00:09]} 3. Nc3 {[%emt 0:00:10]} Bg7 {[%emt 0:00:08]} 4. e4 {[%emt 0:00:07]} d6 {[%emt 0:00:05]} 5. f3 {[%emt 0:00:15]} O-O {[%emt 0:00:07]} 6. Be3 {[%emt 0:00:10]} c5 {[%emt 0:00:06]} 7. Nge2 {[%emt 0:02:55]} Nc6 {[%emt 0:00:37]} 8. Qd2 {[%emt 0:06:08]} e5 {[%emt 0:06:33]} 9. dxc5 {[%emt 0:01:25]} dxc5 {[%emt 0:00:08]} 10. Bxc5 {[%emt 0:03:28]} Qxd2+ {[%emt 0:00:32]} 11. Kxd2 {[%emt 0:00:01]} Rd8+ {[%emt 0:00:08]} 12. Nd5 {[%emt 0:00:18]} b6 {[%emt 0:02:42]} 13. Be3 {[%emt 0:01:32]} Nxd5 {[%emt 0:06:58]} 14. cxd5 {[%emt 0:01:53]} Bb7 {[%emt 0:02:42]} 15. Nc3 {[%emt 0:01:43]} Rac8 {[%emt 0:00:51]} 16. Bd3 {[%emt 0:02:21]} Na5 {[%emt 0:06:00]} 17. b3 {[%emt 0:02:43]} Bf8 {[%emt 0:03:19]} 18. Nb5 {[%emt 0:11:46]} a6 {[%emt 0:08:16]} 19. Na7 {[%emt 0:00:46]} Bb4+ {[%emt 0:02:41]} 20. Ke2 {[%emt 0:00:37]} Ra8 {[%emt 0:01:08]} 21. Bxb6 {[%emt 0:00:12]} Rd6 {[%emt 0:00:24]} 22. Be3 {[%emt 0:01:16]} Bc3 {[%emt 0:08:33]} 23. Rac1 {[%emt 0:03:19]} Bd4 {[%emt 0:00:10]} 24. b4 {[%emt 0:03:01]} Bxe3 {[%emt 0:04:32]} 25. Kxe3 {[%emt 0:01:56]} Nb3 {[%emt 0:01:40]} 26. axb3 {[%emt 0:03:02]} Rxa7 {[%emt 0:00:10]} 27. Ra1 {[%emt 0:03:39]} Bc8 {[%emt 0:03:48]} 28. Rhc1 {[%emt 0:03:10]} Bd7 {[%emt 0:02:19]} 29. Rc5 {[%emt 0:07:04]} Rb6 {[%emt 0:00:50]} 30. b5 {[%emt 0:00:29]} a5 {[%emt 0:00:07]} 31. Ra4 {[%emt 0:00:42]} Rab7 {[%emt 0:04:49]} 32. Rxa5 {[%emt 0:00:24]} Kf8 {[%emt 0:00:23]} 33. Ra6 {[%emt 0:03:26]} Ke7 {[%emt 0:00:52]} 34. Rxb6 {[%emt 0:01:16]} Rxb6 {[%emt 0:00:05]} 35. Kd2 {[%emt 0:00:37]} Kd6 {[%emt 0:00:13]} 36. b4 {[%emt 0:00:12]} f5 {[%emt 0:01:22]} 37. Kc3 {[%emt 0:00:14]} f4 {[%emt 0:00:19]} 38. Kb3 {[%emt 0:00:20]} g5 {[%emt 0:00:07]} 39. Ka4 {[%emt 0:01:12]} Ra6+ {[%emt 0:00:06]} 40. Kb3 {[%emt 0:00:19]} Rb6 {[%emt 0:00:12]} 41. Rc2 {[%emt 0:00:40]} h5 {[%emt 0:03:09]} 42. Ra2 {[%emt 0:01:02]} Bc8 {[%emt 0:01:49]} 43. Ra7 {[%emt 0:04:28]} Bb7 {[%emt 0:02:48]} 44. Kc4 {[%emt 0:00:20]} Kc7 {[%emt 0:00:53]} 45. Kc5 {[%emt 0:00:19]} Rg6 {[%emt 0:01:36]} 46. b6+ {[%emt 0:00:12]} Kb8 {[%emt 0:00:18]} 47. Ba6 {[%emt 0:01:07]} Ba8 {[%emt 0:02:36]} 48. Re7 {[%emt 0:03:21]} Rg8 {[%emt 0:00:05]} 49. b7 {[%emt 0:00:56]} 1-0

[Event "CZE-ch Amateurs 2022"]
[Site "Luhacovice"]
[Date "2022.03.16"]
[Round "6.20"]
[White "Merva, Frantisek"]
[Black "Zednicek, Filip"]
[Result "1-0"]
[WhiteElo "2025"]
[BlackElo "1570"]
[Annotator "ChessBase"]
[PlyCount "33"]
[EventDate "2022.03.12"]
[EventType "swiss"]
[EventCountry "CZE"]
[SourceTitle "playchess.com"]
[Source "ChessBase"]
[SourceQuality "1"]
[TimeControl "5400+30"]

1. d4 {[%emt 0:00:18]} d5 {[%emt 0:01:23]} 2. Nf3 {[%emt 0:01:14]} e6 {[%emt 0:01:45]} 3. Bf4 {[%emt 0:02:12]} c5 {[%emt 0:01:04]} 4. e3 {[%emt 0:02:31]} Nc6 {[%emt 0:03:04]} 5. c3 {[%emt 0:00:33]} Nf6 {[%emt 0:01:34]} 6. Nbd2 {[%emt 0:00:53]} Bd6 {[%emt 0:01:57]} 7. Bxd6 {[%emt 0:00:44]} Qxd6 {[%emt 0:00:12]} 8. Bb5 {[%emt 0:00:07]} O-O {[%emt 0:01:49]} 9. Bxc6 {[%emt 0:00:31]} bxc6 {[%emt 0:00:13]} 10. O-O {[%emt 0:00:00]} cxd4 {[%emt 0:03:21]} 11. exd4 {[%emt 0:00:00]} c5 {[%emt 0:01:07]} 12. dxc5 {[%emt 0:03:49]} Qxc5 {[%emt 0:05:13]} 13. Nb3 {[%emt 0:00:06]} Qd6 {[%emt 0:00:32]} 14. Qd4 {[%emt 0:00:12]} Ba6 {[%emt 0:03:32]} 15. Rfe1 {[%emt 0:00:06]} Ne4 {[%emt 0:00:06]} 16. Rad1 {[%emt 0:00:11]} Rfd8 {[%emt 0:02:14]} 17. Rxe4 {[%emt 0:00:19]} 1-0

[Event "CZE-ch Amateurs 2022"]
[Site "Luhacovice"]
[Date "2022.03.17"]
[Round "7.1"]
[White "Kratochvil, Josef"]
[Black "Buchcar, Tomas"]
[Result "0-1"]
[WhiteElo "2200"]
[BlackElo "2121"]
[Annotator "ChessBase"]
[PlyCount "84"]
[EventDate "2022.03.12"]
[EventType "swiss"]
[EventCountry "CZE"]
[SourceTitle "playchess.com"]
[Source "ChessBase"]
[SourceQuality "1"]
[TimeControl "5400+30"]

1. e4 {[%emt 0:00:05]} c6 {[%emt 0:00:05]} 2. d4 {[%emt 0:00:28]} d5 {[%emt 0:00:05]} 3. Nc3 {[%emt 0:00:06]} dxe4 {[%emt 0:00:11]} 4. Nxe4 {[%emt 0:00:06]} Nf6 {[%emt 0:00:05]} 5. Nxf6+ {[%emt 0:00:58]} exf6 {[%emt 0:00:10]} 6. c3 {[%emt 0:02:15]} Bd6 {[%emt 0:00:20]} 7. Bd3 {[%emt 0:00:10]} O-O {[%emt 0:01:05]} 8. Qc2 {[%emt 0:01:10]} Re8+ {[%emt 0:04:55]} 9. Ne2 {[%emt 0:03:34]} h6 {[%emt 0:00:48]} 10. Be3 {[%emt 0:05:40]} Be6 {[%emt 0:01:30]} 11. O-O {[%emt 0:05:00]} Qc7 {[%emt 0:01:23]} 12. h3 {[%emt 0:07:04]} Nd7 {[%emt 0:00:24]} 13. c4 {[%emt 0:06:04]} Nf8 {[%emt 0:06:20]} 14. Rfd1 {[%emt 0:15:03]} Rad8 {[%emt 0:12:46]} 15. Rac1 {[%emt 0:05:32]} Qb8 {[%emt 0:04:11]} 16. a3 {[%emt 0:06:21]} a6 {[%emt 0:01:49]} 17. Qd2 {[%emt 0:05:09]} Ng6 {[%emt 0:05:33]} 18. Bxg6 {[%emt 0:08:46]} fxg6 {[%emt 0:00:07]} 19. Bf4 {[%emt 0:00:07]} g5 {[%emt 0:04:56]} 20. Bxd6 {[%emt 0:02:32]} Qxd6 {[%emt 0:00:10]} 21. Rc3 {[%emt 0:02:36]} b5 {[%emt 0:03:35]} 22. cxb5 {[%emt 0:01:55]} cxb5 {[%emt 0:00:08]} 23. Re3 {[%emt 0:02:26]} f5 {[%emt 0:01:16]} 24. Qb4 {[%emt 0:09:08]} f4 {[%emt 0:05:11]} 25. Qxd6 {[%emt 0:00:38]} Rxd6 {[%emt 0:00:08]} 26. Re5 {[%emt 0:00:28]} Red8 {[%emt 0:01:50]} 27. h4 {[%emt 0:03:20]} f3 {[%emt 0:06:27]} 28. gxf3 {[%emt 0:01:45]} gxh4 {[%emt 0:00:39]} 29. Re4 {[%emt 0:04:39]} Bd5 {[%emt 0:04:29]} 30. Kg2 {[%emt 0:01:09]} Rg6+ {[%emt 0:04:11]} 31. Kh3 {[%emt 0:00:48]} Rf8 {[%emt 0:02:05]} 32. Rf4 {[%emt 0:00:23]} Bxf3 {[%emt 0:01:08]} 33. Rd2 {[%emt 0:00:34]} Rxf4 {[%emt 0:04:14]} 34. Nxf4 {[%emt 0:00:04]} Rf6 {[%emt 0:00:06]} 35. Nd3 {[%emt 0:00:45]} g5 {[%emt 0:00:33]} 36. Ne5 {[%emt 0:00:38]} Be4 {[%emt 0:00:57]} 37. Re2 {[%emt 0:00:55]} Rf4 {[%emt 0:00:38]} 38. Kh2 {[%emt 0:00:24]} Bd5 {[%emt 0:01:37]} 39. Nd7 {[%emt 0:00:39]} Kf7 {[%emt 0:02:21]} 40. Nc5 {[%emt 0:00:34]} Rxd4 {[%emt 0:00:32]} 41. Nxa6 {[%emt 0:00:17]} Rd1 {[%emt 0:00:15]} 42. Kh3 {[%emt 0:00:10]} Bf3 {[%emt 0:00:06]} 0-1

[Event "CZE-ch Amateurs 2022"]
[Site "Luhacovice"]
[Date "2022.03.17"]
[Round "7.2"]
[White "Mudrak, Josef"]
[Black "Gabriel, Adam"]
[Result "1/2-1/2"]
[WhiteElo "2219"]
[BlackElo "2097"]
[Annotator "ChessBase"]
[PlyCount "39"]
[EventDate "2022.03.12"]
[EventType "swiss"]
[EventCountry "CZE"]
[SourceTitle "playchess.com"]
[Source "ChessBase"]
[SourceQuality "1"]
[TimeControl "5400+30"]

1. c4 {[%emt 0:00:07]} Nf6 {[%emt 0:00:50]} 2. Nf3 {[%emt 0:00:30]} c5 {[%emt 0:00:15]} 3. g3 {[%emt 0:00:37]} d5 {[%emt 0:01:52]} 4. Bg2 {[%emt 0:02:30]} Nc6 {[%emt 0:03:01]} 5. cxd5 {[%emt 0:00:51]} Nxd5 {[%emt 0:00:07]} 6. O-O {[%emt 0:00:33]} e5 {[%emt 0:02:18]} 7. Nc3 {[%emt 0:02:56]} Nc7 {[%emt 0:05:43]} 8. d3 {[%emt 0:03:19]} Be7 {[%emt 0:00:56]} 9. Be3 {[%emt 0:04:54]} O-O {[%emt 0:00:58]} 10. Nd2 {[%emt 0:04:06]} Nd4 {[%emt 0:14:31]} 11. Nc4 {[%emt 0:02:05]} f6 {[%emt 0:00:28]} 12. Rc1 {[%emt 0:08:29]} Rb8 {[%emt 0:13:38]} 13. f4 {[%emt 0:01:22]} exf4 {[%emt 0:04:43]} 14. Bxf4 {[%emt 0:02:56]} Nde6 {[%emt 0:10:32]} 15. Be3 {[%emt 0:07:34]} b6 {[%emt 0:05:32]} 16. Bf2 {[%emt 0:06:37]} Bb7 {[%emt 0:07:14]} 17. e4 {[%emt 0:00:16]} Nd4 {[%emt 0:05:02]} 18. g4 {[%emt 0:03:42]} Qd7 {[%emt 0:02:33]} 19. Ne3 {[%emt 0:04:01]} Bd6 {[%emt 0:00:42]} 20. Ncd5 {[%emt 0:04:27]} 1/2-1/2

[Event "CZE-ch Amateurs 2022"]
[Site "Luhacovice"]
[Date "2022.03.17"]
[Round "7.3"]
[White "Zvolensky, David"]
[Black "Zelbova, Lada"]
[Result "1-0"]
[WhiteElo "2159"]
[BlackElo "1905"]
[Annotator "ChessBase"]
[PlyCount "45"]
[EventDate "2022.03.12"]
[EventType "swiss"]
[EventCountry "CZE"]
[SourceTitle "playchess.com"]
[Source "ChessBase"]
[SourceQuality "1"]
[TimeControl "5400+30"]

1. e4 {[%emt 0:00:01]} c5 {[%emt 0:00:07]} 2. Nf3 {[%emt 0:00:04]} e6 {[%emt 0:00:06]} 3. d4 {[%emt 0:00:22]} cxd4 {[%emt 0:00:05]} 4. Nxd4 {[%emt 0:00:03]} Nf6 {[%emt 0:00:06]} 5. Nc3 {[%emt 0:01:01]} d6 {[%emt 0:00:07]} 6. Be3 {[%emt 0:01:07]} a6 {[%emt 0:00:12]} 7. Be2 {[%emt 0:05:40]} Be7 {[%emt 0:02:38]} 8. O-O {[%emt 0:00:15]} O-O {[%emt 0:00:07]} 9. f4 {[%emt 0:00:04]} Qc7 {[%emt 0:01:20]} 10. Bf3 {[%emt 0:00:32]} Nc6 {[%emt 0:00:40]} 11. Qe2 {[%emt 0:04:28]} Rd8 {[%emt 0:06:13]} 12. Qf2 {[%emt 0:01:28]} Nd7 {[%emt 0:11:34]} 13. Rad1 {[%emt 0:03:17]} Na5 {[%emt 0:05:48]} 14. f5 {[%emt 0:07:46]} Ne5 {[%emt 0:03:47]} 15. Nxe6 {[%emt 0:00:50]} Nxf3+ {[%emt 0:02:34]} 16. gxf3 {[%emt 0:00:24]} fxe6 {[%emt 0:00:43]} 17. Bb6 {[%emt 0:00:05]} Qc4 {[%emt 0:05:40]} 18. Bxa5 {[%emt 0:01:01]} Rf8 {[%emt 0:00:10]} 19. b3 {[%emt 0:01:11]} Qc6 {[%emt 0:00:48]} 20. fxe6 {[%emt 0:00:47]} Bxe6 {[%emt 0:00:13]} 21. Nd5 {[%emt 0:00:28]} Bd8 {[%emt 0:08:01]} 22. Bxd8 {[%emt 0:00:10]} Raxd8 {[%emt 0:00:08]} 23. Ne7+ {[%emt 0:00:03]} 1-0

[Event "CZE-ch Amateurs 2022"]
[Site "Luhacovice"]
[Date "2022.03.17"]
[Round "7.4"]
[White "Taus, Martin"]
[Black "Pilch, Roman"]
[Result "1/2-1/2"]
[WhiteElo "2017"]
[BlackElo "2136"]
[Annotator "ChessBase"]
[PlyCount "26"]
[EventDate "2022.03.12"]
[EventType "swiss"]
[EventCountry "CZE"]
[SourceTitle "playchess.com"]
[Source "ChessBase"]
[SourceQuality "1"]
[TimeControl "5400+30"]

1. c4 {[%emt 0:00:06]} g6 {[%emt 0:01:29]} 2. Nf3 {[%emt 0:01:22]} Bg7 {[%emt 0:00:38]} 3. g3 {[%emt 0:00:27]} c5 {[%emt 0:01:08]} 4. Bg2 {[%emt 0:00:21]} Nf6 {[%emt 0:00:17]} 5. O-O {[%emt 0:03:00]} O-O {[%emt 0:00:10]} 6. d4 {[%emt 0:04:46]} d6 {[%emt 0:01:24]} 7. dxc5 {[%emt 0:13:38]} dxc5 {[%emt 0:01:30]} 8. Nc3 {[%emt 0:00:17]} Nc6 {[%emt 0:00:14]} 9. Be3 {[%emt 0:04:11]} Qa5 {[%emt 0:06:09]} 10. Qa4 {[%emt 0:09:52]} Qb4 {[%emt 0:06:52]} 11. Qb5 {[%emt 0:07:34]} Be6 {[%emt 0:08:47]} 12. Bxc5 {[%emt 0:19:31]} Qxc4 {[%emt 0:01:17]} 13. Qxc4 {[%emt 0:02:47]} Bxc4 {[%emt 0:00:23]} 1/2-1/2

[Event "CZE-ch Amateurs 2022"]
[Site "Luhacovice"]
[Date "2022.03.17"]
[Round "7.5"]
[White "Toman, Jan"]
[Black "Slepov, Kyryl"]
[Result "0-1"]
[WhiteElo "2127"]
[BlackElo "2064"]
[Annotator "ChessBase"]
[PlyCount "66"]
[EventDate "2022.03.12"]
[EventType "swiss"]
[EventCountry "CZE"]
[SourceTitle "playchess.com"]
[Source "ChessBase"]
[SourceQuality "1"]
[TimeControl "5400+30"]

1. Nf3 {[%emt 0:00:05]} Nf6 {[%emt 0:01:33]} 2. g3 {[%emt 0:00:19]} e6 {[%emt 0:03:02]} 3. Bg2 {[%emt 0:00:18]} d5 {[%emt 0:00:07]} 4. d3 {[%emt 0:00:27]} Be7 {[%emt 0:00:10]} 5. Nbd2 {[%emt 0:00:10]} O-O {[%emt 0:00:19]} 6. e4 {[%emt 0:00:34]} c5 {[%emt 0:00:44]} 7. e5 {[%emt 0:00:51]} Nfd7 {[%emt 0:00:13]} 8. O-O {[%emt 0:00:15]} Nc6 {[%emt 0:01:28]} 9. Re1 {[%emt 0:00:23]} Qc7 {[%emt 0:00:57]} 10. Qe2 {[%emt 0:00:19]} b5 {[%emt 0:05:48]} 11. Nf1 {[%emt 0:00:50]} a5 {[%emt 0:01:27]} 12. h4 {[%emt 0:03:05]} a4 {[%emt 0:01:49]} 13. a3 {[%emt 0:00:38]} b4 {[%emt 0:00:36]} 14. h5 {[%emt 0:01:47]} Nd4 {[%emt 0:06:54]} 15. Nxd4 {[%emt 0:01:36]} cxd4 {[%emt 0:00:08]} 16. h6 {[%emt 0:01:01]} g6 {[%emt 0:00:13]} 17. Bf4 {[%emt 0:00:57]} bxa3 {[%emt 0:01:00]} 18. Bxd5 {[%emt 0:02:04]} Ra5 {[%emt 0:03:14]} 19. Bxe6 {[%emt 0:06:45]} fxe6 {[%emt 0:02:12]} 20. bxa3 {[%emt 0:00:08]} Rc5 {[%emt 0:02:12]} 21. Qg4 {[%emt 0:05:59]} Rf5 {[%emt 0:05:53]} 22. Nd2 {[%emt 0:05:18]} Nxe5 {[%emt 0:02:44]} 23. Qe2 {[%emt 0:05:26]} Bb7 {[%emt 0:06:53]} 24. Ne4 {[%emt 0:09:47]} Rxc2 {[%emt 0:07:28]} 25. Qd1 {[%emt 0:00:34]} g5 {[%emt 0:08:12]} 26. Bxe5 {[%emt 0:01:23]} Rxe5 {[%emt 0:02:01]} 27. Rb1 {[%emt 0:09:46]} Bxe4 {[%emt 0:04:27]} 28. dxe4 {[%emt 0:04:07]} Qc3 {[%emt 0:02:16]} 29. Qh5 {[%emt 0:24:25]} Bf8 {[%emt 0:00:39]} 30. Red1 {[%emt 0:03:02]} Qc6 {[%emt 0:09:50]} 31. Rxd4 {[%emt 0:03:38]} Rxf2 {[%emt 0:02:57]} 32. Re1 {[%emt 0:08:48]} Qc2 {[%emt 0:02:42]} 33. Qh3 {[%emt 0:00:43]} Bc5 {[%emt 0:00:15]} 0-1